India's vibgyor man: (Record no. 160694)

MARC details
000 -LEADER
fixed length control field 00719nam a2200217 4500
005 - DATE AND TIME OF LATEST TRANSACTION
control field 20190214110547.0
010 ## - LCCN (DPL NO)
LC control number ENG-124775
020 ## - INTERNATIONAL STANDARD BOOK NUMBER
International Standard Book Number 9780199484164
Terms of availability 795.00
020 ## - INTERNATIONAL STANDARD BOOK NUMBER
International Standard Book Number 0199484163
035 ## - SYSTEM CONTROL NUMBER
System control number EN-108307
037 ## - SOURCE OF ACQUISITION
Source of stock number/acquisition DBAD/PUB
082 ## - DEWEY DECIMAL CLASSIFICATION NUMBER
Classification number 082
245 ## - TITLE STATEMENT
Title India's vibgyor man:
Remainder of title selected writings and speeches of l.m. Singhvi/
Statement of responsibility, etc edited.by Bhishek Manu Singhvi [and] Lokendra Malik
260 ## - PUBLICATION, DISTRIBUTION, ETC. (IMPRINT)
Place of publication, distribution, etc New Delhi
Name of publisher, distributor, etc Oxford University Press
Date of publication, distribution, etc 2018
270 ## - ADDRESS
Address 2/11, Ground floor, Ansari Road, Daryaganj
City New Delhi
Postal code 110002
300 ## - PHYSICAL DESCRIPTION
Extent xxviii, 335p.
Dimensions 22cm(Hb)
500 ## - GENERAL NOTE
General note includes index
700 ## - ADDED ENTRY--PERSONAL NAME
Personal name Singhvi Bhishek Manu
700 ## - ADDED ENTRY--PERSONAL NAME
Personal name Malik Lokendra
942 ## - ADDED ENTRY ELEMENTS (KOHA)
Source of classification or shelving scheme Dewey Decimal Classification
Item type English Books
Classification part 082
Call number suffix IND
Holdings
Withdrawn status Lost status Not for loan Collection code Home library Current library Date acquired Source of acquisition Cost, normal purchase price Full call number Barcode Copy number Cost, replacement price Koha item type
      Non-fiction Sarojini Nagar Sarojini Nagar 08/02/2019 DBAD/PUB 795.00 082 IND EN-108307 1 795.00 English Books

© Delhi Public Library
Hit Counter
free hit counter